Central Library and Information Centre
Sibsagar Girls' College, Sivasagar : Assam

POLITICS AMONG NATIONS (Record no. 6496)

MARC details
000 -LEADER
fixed length control field 00406cam a2200169ua 4500
008 - FIXED-LENGTH DATA ELEMENTS--GENERAL INFORMATION
fixed length control field 120804n1995 II |||gr||||Z||||||eng
040 ## - CATALOGING SOURCE
Original cataloging agency MAIN
041 ## - LANGUAGE CODE
-- English
082 ## - DEWEY DECIMAL CLASSIFICATION NUMBER
Classification number 327.1 MOR
100 ## - MAIN ENTRY--PERSONAL NAME
Personal name MORGENTHBAN, HANS J.
245 ## - TITLE STATEMENT
Title POLITICS AMONG NATIONS
260 ## - PUBLICATION, DISTRIBUTION, ETC.
Place of publication, distribution, etc. NEW DELHI
Name of publisher, distributor, etc. KALYANI PUBLISHERS
Date of publication, distribution, etc. 1995
300 ## - PHYSICAL DESCRIPTION
Extent 688:
Dimensions 25CM.
942 ## - ADDED ENTRY ELEMENTS (KOHA)
Koha item type Books
653 ## - INDEX TERM--UNCONTROLLED
Uncontrolled term International Politics
Holdings
Withdrawn status Lost status Damaged status Not for loan Collection code Home library Current library Shelving location Date acquired Full call number Barcode Date last seen Copy number Price effective from Koha item type Public note
        TBPSC Central Library and Information Centre Sibsagar Girls College Central Library and Information Centre Sibsagar Girls College POLITICAL SC BOOK RACK 05.02.1997 327.1 MOR 14372 27.02.2020 1 27.02.2020 Books V


Sibsagar Girl's College © 2020. All rights reserved.
Powered by Koha.
Maintained by Abhijit Borpuzari.